| 000 | 01299nam a2200301 a 4500 | ||
|---|---|---|---|
| 001 | tofriendsunnytho00begg | ||
| 003 | CaSfIA | ||
| 005 | 20210119103210.0 | ||
| 007 | cr|||| | ||
| 008 | 900131s1989 nyua 000 0 eng | ||
| 010 | _a 88063460 | ||
| 040 |
_aDLC _cDLC _dBTCTA _dBAKER _dYDXCP _dCaSfIA |
||
| 020 | _a0880885386 | ||
| 020 | _a9780880885386 | ||
| 035 | _a(OCoLC)21078195 | ||
| 050 | 0 | 0 |
_aPN6271 _b.B4 1989 |
| 082 | 0 | 0 |
_a818/.5402 _220 |
| 100 | 1 | _aBeggs, Jim. | |
| 245 | 1 | 0 |
_aTo a friend : _h[electronic resource] _bsunny thoughts for Monday moods / _cby Jim Beggs. |
| 260 |
_aWhite Plains, N.Y. : _bP. Pauper Press, _cc1989. |
||
| 300 |
_a1 v. (unpaged) : _bill. ; _c20 cm. |
||
| 650 | 0 | _aAphorisms and apothegms. | |
| 856 | 4 | 1 |
_uhttp://www.archive.org/details/tofriendsunnytho00begg _zFree eBook from the Internet Archive |
| 856 | 4 | 2 |
_uhttp://www.openlibrary.org/books/OL2066195M _zAdditional information and access via Open Library |
| 942 | _cEB | ||
| 506 | _fНеобхідна авторизація на https://archive.org/ (створення облікового запису безкоштовно) | ||
| 506 | _fНеобхідна авторизація на https://openlibrary.org/ (створення облікового запису безкоштовно) | ||
| 999 |
_c558097 _d558097 |
||